Calculus For Business, Economics, and the Social and Life Sciences (Record no. 4566)

MARC details
005 - DATE AND TIME OF LATEST TRANSACTION
control field 20250623054833.0
020 ## - INTERNATIONAL STANDARD BOOK NUMBER
International Standard Book Number 978-0-07-305191-8
082 ## - DEWEY DECIMAL CLASSIFICATION NUMBER
Classification number 515 HOF
100 ## - MAIN ENTRY--PERSONAL NAME
Author name HOFFMANN, D. L
245 ## - TITLE STATEMENT
Title Calculus For Business, Economics, and the Social and Life Sciences
250 ## - EDITION STATEMENT
Edition statement 9th Ed.
260 ## - PUBLICATION, DISTRIBUTION, ETC.
Place of publication, distribution, etc. Boston
Name of publisher, distributor, etc. McGraw-Hill Higher Education
Date of publication, distribution, etc. 2007.
300 ## - PHYSICAL DESCRIPTION
Extent xxx, 758p.:ill.;figures
Other physical details Index
Dimensions 26cm
700 ## - ADDED ENTRY--PERSONAL NAME
Other authors/Editors Gerald L. Bradley
942 ## - ADDED ENTRY ELEMENTS (KOHA)
Source of classification or shelving scheme Dewey Decimal Classification
Koha item type Books
Holdings
Date last seen Total checkouts Full call number Barcode Cost, replacement price Price effective from Koha item type Lost status Source of classification or shelving scheme Damaged status Not for loan Withdrawn status Home library Current library Shelving location Date acquired Source of acquisition Cost, normal purchase price
06/23/2025   515 HOF MZA0001725 150000.00 06/23/2025 Books   Dewey Decimal Classification       CBE Mwanza CBE Mwanza General Collection 07/16/2007 Library Budget 50000.00
06/23/2025   515 HOF MZA0001726 150000.00 06/23/2025 Books   Dewey Decimal Classification       CBE Mwanza CBE Mwanza General Collection 07/16/2007 Library Budget 50000.00
06/23/2025   515 HOF MZA0001727 150000.00 06/23/2025 Books   Dewey Decimal Classification       CBE Mwanza CBE Mwanza General Collection 07/16/2007 Library Budget 50000.00